Music Quiz

Random Music or Album Quiz

Artists on Album Covers: Drawn Edition Quiz Stats

Quiz Updated Feb 25, 2015

Challenge
Share
Tweet
Score 0/25 Timer 06:00
1 Play Today
% Correct
Kiss (Destroyer)
98.6%
The Beatles (Revolver)
95.7%
David Bowie (Diamond Dogs)
94.4%
Prince (Lovesexy)
92%
Elton John (Goodbye Yellow Brick Road)
90.7%
Eminem (Relapse)
86.4%
Stevie Wonder (Hotter Than July)
84.4%
The Jimi Hendrix Experience (Axis: Bold As Love)
83.9%
Frank Sinatra (In the Wee Small Hours)
79.2%
Guns 'N' Roses (Appetite for Destruction)
78.1%
Daft Punk (Random Access Memories)
72.4%
Gorillaz (Demon Days)
71.7%
Bob Dylan (Blood on the Tracks)
71.3%
% Correct
Red Hot Chili Peppers (Blood Sugar Sex Magik)
65%
Kenny Rogers (Love Will Turn You Around)
58.3%
Alice Cooper (Welcome to My Nightmare)
55.4%
Santana (Shaman)
55.2%
Joni Mitchell (Clouds)
54%
Christina Aguilera (Bionic)
44.6%
Billy Joel (River of Dreams)
43.3%
Neil Young (Neil Young)
41%
Talking Heads (Remain in Light)
31.3%
Flight of the Conchords (I Told You I Was Freaky)
29.5%
Eric Clapton (Me and Mr. Johnson)
29%
Deep Purple (In Rock)
19.4%

You're not logged in!

Compare scores with friends on all Sporcle quizzes.
Sign Up with Email
OR
Log In

You Might Also Like...

Show Comments

Extras

Top Quizzes Today


Score Distribution

Your Account Isn't Verified!

In order to create a playlist on Sporcle, you need to verify the email address you used during registration. Go to your Sporcle Settings to finish the process.